Los primeros colonos / (Registro nro. 9231)

Detalles MARC
000 -LIDER
fixed length control field 00799nam a22002897a 4500
001 - NÚMERO DE CONTROL
Identificador de número de control 00089
003 - IDENTIFICACDOR DE NÚMERO DE CONTROL
control field DO-SdBNP
005 - DATE AND TIME OF LATEST TRANSACTION
control field 20180202105002.0
007 - CAMPOS FIJOS DE DESCRIPCIÓN FÍSICA
fixed length control field 00089
008 - ELEMENTOS DE LONGITUD FIJA
fixed length control field 160314b 1988 sp ||||| |||| 00| 0 spa d
020 ## - ISBN
International Standard Book Number 8477221693
040 ## - FUENTE DE CATALOGACIÓN
Agencia que crea de manera original el registro BPMSU
Idioma de catalogación spa
Agencia que realiza la transcripción BPMSU
092 ## - LOCALLY ASSIGNED DEWEY DECIMAL CALL NUMBER
Número de clasificación xxxxxxxx
Número de ítem (Cutter) xxxxxxxx
100 10 - ASIENTO PRINCIPAL -- NOMBRE PERSONAL
Nombre personal Gaskin, Carol
245 14 - MENCIÓN DE TITULO
Título Los primeros colonos /
Mención de responsabilidad Carol Gaskin ; ilustración John Pierard, alex Nino
260 ## - PUBLICACIÓN, DISTRIBUCIÓN, ETC. (PIE DE IMPRENTA)
Lugar de publicación, distribución, etc Barcelona :
Nombre del editor, distribuidor, etc. Timun Mas,
Fecha de publicación, distribución, etc 1988.
300 ## - DESCRIPCIÓN FÍSICA
Extensión 79 p. :
Otros detalles físicos il.,
Dimensiones 19 cm.
490 00 - MENCIÓN DE SERIES
Mención de serie La máquina del tiempo
490 00 - MENCIÓN DE SERIES
Mención de serie Globo azul
Volume/sequential designation 3
700 10 - ASIENTO SECUNDARIO -- NOMBRE PERSONAL
Nombre personal Pierard, Joha,
Mención de responsabilidad il.
700 10 - ASIENTO SECUNDARIO -- NOMBRE PERSONAL
Nombre personal Nino, Alex,
Mención de responsabilidad il.
830 10 - ASIENTO SECUNDARIO DE SERIE--TÍTULO UNIFORME
Título uniforme Lamáquina del tiempo
830 10 - ASIENTO SECUNDARIO DE SERIE--TÍTULO UNIFORME
Título uniforme Globo azul
Número de la parte o sección de una obra 3
942 ## - ADDED ENTRY ELEMENTS (KOHA)
Source of classification or shelving scheme Dewey Decimal Classification
Koha item type Libros
945 ## - INFORMACIÓN DE PROCESAMIENTO LOCAL
Información de procesamiento local Inventariado, 2018/ YL
956 ## - LOCAL ELECTRONIC LOCATION AND ACCESS (OCLC)
Nombre de host Brenda Tavárez
Existencias
Withdrawn status Lost status Source of classification or shelving scheme Damaged status Not for loan Collection code Home library Current library Date acquired Source of acquisition Total Checkouts Barcode Date last seen Price effective from Koha item type
    Dewey Decimal Classification     Colección Juvenil General Biblioteca Pública Metropolitana Salomé Ureña Biblioteca Pública Metropolitana Salomé Ureña 03/14/2016 Donación   BPMSU16030104 03/14/2016 03/14/2016 Libros